Statystyki dla PAŃSTWA, Z JEDNYM SĄSIADEM

Kliknij tutaj aby rozwiązać quiz!

Ogólne statystyki

  • Ten quiz został rozwiązany 47 razy
  • Średni wynik to 12 z 25

Statystyki odpowiedzi

Państwo% Poprawnych
Irlandia
88%
Watykan
88%
San Marino
85%
Lesotho
83%
Portugalia
80%
Korea Południowa
73%
Wielka Brytania
71%
Dominikana
66%
Haiti
66%
Monako
63%
Timor Wschodni
63%
Papua - Nowa Gwinea
61%
Katar
54%
Singapur
54%
Brunei
44%
Bahrajn
37%
Cypr
24%
Bangladesz
15%
Gibraltar
12%
Hongkong
12%
Grenlandia
10%
Makau
7%
Molossia
5%
Saint Martin
5%
Sint Maarten
5%

Rozkład punktacji

Percentyl według liczby udzielonych odpowiedzi

Procent ludzi z każdym wynikiem

Twoja historia wyników

Nie rozwiązałeś tego quizu